|
|
|
|
| LEADER |
00000cam a2200000 7i4500 |
| 001 |
0000004161 |
| 005 |
20181227.0 |
| 020 |
0 |
0 |
|a 9789672149040
|
| 090 |
0 |
0 |
|a 634.9
|b GUID 2017
|
| 245 |
0 |
0 |
|a Plant material transfer guideline for tropical forest species
|c C.T.Lee...[et.al]
|
| 260 |
0 |
0 |
|a Kepong, Selangor :
|b FRIM ,
|c 2017
|
| 300 |
|
|
|a ix.65 p. :
|b ill.col ;
|c 26 cm.
|
| 490 |
0 |
0 |
|a Reserch Pamplets No.137
|
| 500 |
0 |
0 |
|a Includes references
|
| 650 |
0 |
0 |
|a Goverment publications
|
| 650 |
0 |
0 |
|a Tropical forest
|
| 700 |
0 |
1 |
|a Diway, B
|
| 700 |
0 |
1 |
|a Khoo, E
|
| 700 |
0 |
1 |
|a Kobayashi, MJ
|
| 700 |
0 |
1 |
|a Lau, KH
|
| 700 |
0 |
1 |
|a Lee, SL
|
| 700 |
0 |
1 |
|a Ng, CH
|
| 700 |
0 |
1 |
|a Ng, K.K.S
|
| 700 |
0 |
1 |
|a Nurul Farhanah, Z
|
| 700 |
0 |
1 |
|a Tani, N
|
| 700 |
0 |
1 |
|a Tnah, L.H
|
| 998 |
|
|
|a JPSM
|
| 999 |
|
|
|a 008010
|b Monograph
|c Open Shelf
|e Default branch
|